000 00591nam a2200181zi 4500
999 _c24713
_d52711
005 20171019044720.0
020 _a978-2-03-584811-6
037 _aBC_690 53
_faut
040 _aBC-ENSA
_bfre
041 _afre
100 _aCHAUVEAU, Loïc
245 _aLe développement durable
_bproduire pour tous, protéger la planète
260 _aParis
_bLarousse
_c2009
300 _a127 p.
_bill.
_c19 cm
562 _e01 exemplaire
942 _c09
653 _aDURABILITE/PROTECTION DE L'ENVIRONNEMENT/TERRE (PLANETE)/RESSOURCE NATURELLE/CONSOMMATION/ENVIRONNEMENT SOCIOECONOMIQUE